The role of the United States in world affairs; (Record no. 90067)

MARC details
000 -LEADER
fixed length control field 00857cam a22002411 4500
001 - CONTROL NUMBER
control field sd 58000010
003 - CONTROL NUMBER IDENTIFIER
control field DLC
005 - DATE AND TIME OF LATEST TRANSACTION
control field 20260227112736.0
008 - FIXED-LENGTH DATA ELEMENTS--GENERAL INFORMATION
fixed length control field 920309s1958 dcua f000 0 eng c
010 ## - LIBRARY OF CONGRESS CONTROL NUMBER
LC control number sd 58000010
035 ## - SYSTEM CONTROL NUMBER
System control number (OCoLC)25415760
040 ## - CATALOGING SOURCE
Original cataloging agency U.S. Dept. of State. Library
Transcribing agency DHU
Modifying agency DHU
-- DLC
050 00 - LIBRARY OF CONGRESS CALL NUMBER
Classification number E835
Item number .W5
082 ## - DEWEY DECIMAL CLASSIFICATION NUMBER
Classification number 327.73
100 1# - MAIN ENTRY--PERSONAL NAME
Personal name Wilcox, Francis O.
Fuller form of name (Francis Orlando),
Dates associated with a name 1908-1985.
245 14 - TITLE STATEMENT
Title The role of the United States in world affairs;
Remainder of title background.
260 ## - PUBLICATION, DISTRIBUTION, ETC.
Place of publication, distribution, etc. [Washington,
Name of publisher, distributor, etc. U.S. Govt. Print. Off.,
Date of publication, distribution, etc. 1958]
300 ## - PHYSICAL DESCRIPTION
Extent 26 p.
Other physical details illus.
Dimensions 26 cm.
490 1# - SERIES STATEMENT
Series statement [U.S.] Dept. of State. Publication 6669. General foreign policy series,
Volume/sequential designation 128
651 #0 - SUBJECT ADDED ENTRY--GEOGRAPHIC NAME
Geographic name United States
General subdivision Relations.
650 #0 - SUBJECT ADDED ENTRY--TOPICAL TERM
Topical term or geographic name entry element World politics
Chronological subdivision 1955-1965.
830 #0 - SERIES ADDED ENTRY--UNIFORM TITLE
Uniform title Department of State publication.
Name of part/section of a work General foreign policy series ;
Volume/sequential designation 128.

No items available.

Powered by Koha